|
|
|
|
| LEADER |
00000nta a2200000 i 4500 |
| 001 |
dolg24577 |
| 005 |
20200226132305.0 |
| 008 |
191214suuuu hu om 000 hun d |
| 040 |
|
|
|a BGE Dolgozattár Repozitórium
|b hun
|
| 041 |
|
|
|a hu
|
| 100 |
1 |
|
|a Kiss Mercédesz
|
| 245 |
1 |
0 |
|a S&OP Bevezetése egy kisvállalkozásba
|c Kiss Mercédesz
|h [elektronikus dokumentum]
|
| 695 |
|
|
|a S&OP
|
| 695 |
|
|
|a Kis- és középvállalkozás
|
| 700 |
1 |
|
|a Budai Dr. László
|e ths
|
| 700 |
1 |
|
|a Bubenik Péter
|e ths
|
| 856 |
4 |
0 |
|u http://dolgozattar.uni-bge.hu/24577/1/Kiss%20Merc%C3%A9desz_S%26OP%20bevezet%C3%A9se%20egy%20kisv%C3%A1llalkoz%C3%A1sba.pdf
|z Dokumentum-elérés
|